000 00196 a2200097 4500
001 12148
100 _aKishwar Naheed
245 _aAjao Africa
260 _a
_bSange Meel
_c
090 _c9351
_d9351
942 _aNUST-CAE
_cM
_c36213
999 _c247221
_d247221